000 00637nam a2200253Ia 4500
003 OSt
005 20221007075549.0
006 a|||||r|||| 00| 0
007 ta
008 221006b |||||||| |||| 00| 0 eng d
020 _cRs. 280/-
024 _a8,020
037 _cTextual
040 _aFLL
_cFLL
_beng
041 _2eng
_aeng
082 _aY57:Z281, M2
100 _aBirdi H.D.
_9302476
245 0 _aDelhi slums & law
250 _a1st
260 _aNew Delhi
_bLyall Book Depot India
_c1982
300 _axiii,835p
_ccm.
942 _hY57:Z281, M2
_cTEXL
_2CC
999 _c1156547
_d1156547